000 00286nam a2200133Ia 4500
100 _aJames/Mike/ Ewbank /Kay
942 _cRB
654 _aTurbo Basic
245 _aUsing Turbo Basic
260 _bGalgotia Pub.
_aNEW DELHI
_c1990
300 _a202
546 _aENGLISH
999 _c26311
_d26311